| 000 | 00338 a2200109 4500 | ||
|---|---|---|---|
| 001 | ART_12678 | ||
| 005 | 20260410161908.0 | ||
| 008 | 260409a | ||
| 245 | 1 | 0 | _aThe monetarist counter-revolution today - an appraisal |
| 100 | 1 | _aTobin, James | |
| 773 | 0 |
_tThe Economic Journal _g- Vol. 91, NÂș 361 (mar. 1981) _wREV12512 |
|
| 999 |
_c26571 _d26571 |
||